000
00461nam a2200169Ia 4500
008
090711s9999 xx 000 0 und d
082
_b
12099
100
_a
पानवलकर श्री. दा.
245
_a
गजगा
260
_c
1963
300
_a
146
600
_a
पानवलकर श्री. दा.
630
_a
गजगा
700
_a
पानवलकर श्री. दा.
730
_a
गजगा
942
_c
BOOK
999
_c
312850
_d
312850